| 000 | 00418nam a22001697a 4500 | ||
|---|---|---|---|
| 003 | CEME | ||
| 005 | 20210628202906.0 | ||
| 008 | 210203b xxu||||| |||| 00| 0 eng d | ||
| 040 | _c. | ||
| 082 | _a621.11296 THE | ||
| 100 |
_aMcelroy, D.L _962182 |
||
| 245 | _aThermal insulation performance | ||
| 260 |
_aUSA _bASTM _c1980 |
||
| 300 | _a568P | ||
| 650 |
_aTHERMAL INSULATION PERFORMANCE _962183 |
||
| 942 |
_cBK _2ddc |
||
| 999 |
_c571373 _d571373 |
||